|
|
|
|
| LEADER |
00000cam a2200000 7i4500 |
| 001 |
0000052228 |
| 005 |
20220105103852.0 |
| 008 |
150922 |
| 020 |
|
|
|a 1843221012
|
| 090 |
0 |
0 |
|a EL
|b ENG
|
| 100 |
1 |
|
|a Baxter Nicola
|
| 245 |
1 |
0 |
|a Baby's :
|b First word book
|c Nicola Baxter
|
| 260 |
|
|
|a Norwich :
|b Armadillo Books ,
|c 2002
|
| 300 |
|
|
|a [s.n.] :
|b col.ill.
|
| 500 |
|
|
|a Children age 4-6 years old (yellow)
|
| 650 |
|
0 |
|a Children's stories,English
|
| 999 |
|
|
|a 0000951303
|b Book
|c Baby
|e Cawangan Tangkak
|
| 999 |
|
|
|a 0000951304
|b Book
|c REFERENCE
|e Cawangan Segamat
|
| 999 |
|
|
|a 0000951308
|b Book
|c Children Collection
|e Cawangan Bandar Penawar
|
| 999 |
|
|
|a 0000951309
|b Book
|c Children Collection
|e Cawangan Mersing
|